Les Meilleurs Cuisines du Monde - Statistiques

Statistiques générales
  • Ce quiz a été pris 1 052 fois
  • Le résultat moyen est 13 sur 20
Statistiques - réponses
Rang Pays % Correct
8 France
99%
1 Italie
96%
2 Japon
94%
5 Chine
92%
9 Espagne
92%
16 États-Unis
86%
7 Mexique
83%
11 Inde
79%
12 Brésil
74%
4 Portugal
74%
3 Grèce
67%
15 Turquie
65%
17 Thaïlande
64%
14 Argentine
60%
18 Corée du Sud
57%
6 Indonésie
38%
10 Pérou
36%
13 Pologne
32%
19 Croatie
17%
20 Serbie
11%
Aucun quiz correspondant
Distribution des résultats
% des personnes avec chaque résultat
Percentile par nombre de réponses
Votre historique - résultats
Vous n’avez pas pris ce quiz